Statistics for Famous Authors

Click here to take the quiz!

General Stats

  • This quiz has been taken 40 times
  • The average score is 13 of 17

Answer Stats

BookAuthor% Correct
Oliver TwistCharles Dickens
100%
The Lord of The RingsJ.R.R. Tolkien
100%
The Adventures of Huckleberry FinnMark Twain
100%
HamletWilliam Shakespeare
100%
Pride and PrejudiceJane Austen
97%
Jane EyreCharlotte Bronte
94%
Harry PotterJ.K. Rowling
94%
Alice in WonderlandLewis Carroll
94%
The Da-Vinci CodeDan Brown
91%
The Old Man and the SeaErnest Hemingway
91%
Robinson CrusoeDaniel Defoe
77%
The War of the WorldsH.G. Wells
66%
MatildaRoald Dahl
66%
Game of ThronesGeorge R.R. Martin
63%
The Mysterious IslandJules Verne
43%
Anne of Green GablesLucy Maud Montgomery
3%
The Little PrinceAntoine de Saint-Euxpery
0%

Score Distribution

Percentile by Number Answered

Percent of People with Each Score

Your Score History

You have not taken this quiz